000 00230nam a2200097Ia 4500
008 231212s2004 xx 000 0 und d
041 _aeng
100 _aKhurini
245 _aTheory of Machines
260 _aNew Delhi
_bCBS Pub
_c2004
999 _c970297
_d970297